000 00390nam a2200133Ia 4500
008 200619s9999 xx 000 0 und d
020 _a8178770784
100 _aBiradar G.A.
245 0 _aMumbai Karnatakadalli Savinaya Kanoonu Bhanga Chalavalli
264 _aMysore
_bAbhiruchi Prakashana
_c2010
300 _a360
942 _cIR
999 _c120356
_d120356